Papelucho y el marciano
Sparad:
| Materialtyp: | Bok |
|---|---|
| Språk: | spanska |
| Publicerad: |
Santiago
Universitaria
1999
|
| Upplaga: | 40a. ed |
| Serie: | Colección Papelucho, 9
|
| Ämnen: | |
| Taggar: |
Lägg till en tagg
Inga taggar, Lägg till första taggen!
|
MARC
| LEADER | 00000nam a2200000 a 4500 | ||
|---|---|---|---|
| 001 | UCP5795 | ||
| 003 | CL-VaPUC | ||
| 008 | 990927e19990700CL |||||||||||||||||spa|d | ||
| 082 | 0 | 4 | |a Ch863 |b PAZ |2 21 |
| 245 | 1 | 0 | |a Papelucho y el marciano |
| 250 | |a 40a. ed | ||
| 300 | |a 124 p | ||
| 942 | |c BK | ||
| 945 | |d 19990927 00:00:00 |a cmena | ||
| 260 | |a Santiago |b Universitaria |c 1999 | ||
| 650 | 0 | |a Novelas chilenas |9 265425 | |
| 650 | 0 | |a Literatura chilena |9 308278 | |
| 583 | |a last modification |c 19990927 00:00:00 |k Rodrigo Vera | ||
| 490 | 0 | |a Colección Papelucho, 9 | |
| 999 | |c 283460 |d 283458 | ||
| 952 | |0 0 |1 0 |4 0 |6 CH_863_000000000000000_PAZ_1999 |7 0 |8 A |9 326643 |a BIBEDU |b BIBEDU |c ES_NOD |d 2019-11-20 |i 3564983 |l 1 |o Ch863 PAZ 1999 |p 3564983 |r 2024-05-23 |s 2024-05-16 |w 2019-11-20 |y BK |k EPE | ||